| 000 | 00390cam a2200169ua 4500 | ||
|---|---|---|---|
| 001 | 6490 | ||
| 008 | 060101n1996 II |||gr||||Z||||||eng | ||
| 040 | _aMAIN | ||
| 041 | _aEnglish | ||
| 082 | _a341.9 SRI | ||
| 100 | _aSRIVASTAVA, L. N. | ||
| 245 | _aINTERNATIONAL LAW | ||
| 260 |
_aDELHI _bSURJEET PUBLICATION _c1996 |
||
| 300 |
_a446: _c22CM. |
||
| 653 | _aInternational Law | ||
| 942 | _cBK | ||
| 999 |
_c6475 _d6475 |
||